Teaching and learning in the language classroom
Wedi'i Gadw mewn:
| Prif Awdur: | |
|---|---|
| Fformat: | Llyfr |
| Iaith: | Saesneg |
| Cyhoeddwyd: |
Oxford
Oxford University Press
2000
|
| Rhifyn: | 1a. ed |
| Cyfres: | Oxford Handbooks for Language Teachers
|
| Pynciau: | |
| Tagiau: |
Ychwanegu Tag
Dim Tagiau, Byddwch y cyntaf i dagio'r cofnod hwn!
|
MARC
| LEADER | 00000nam a2200000 a 4500 | ||
|---|---|---|---|
| 001 | UCH0470 | ||
| 003 | CL-VaPUC | ||
| 008 | 090312e20000000UK |||||||||||||||||eng|d | ||
| 020 | |a 9780194421720 | ||
| 082 | 0 | 4 | |a 371.1022 |b HED |2 21 |
| 100 | |a Hedge, Tricia |e author |9 534645 | ||
| 245 | 1 | 0 | |a Teaching and learning in the language classroom |
| 250 | |a 1a. ed | ||
| 300 | |a 447 p | ||
| 942 | |c BK | ||
| 945 | |d 20090312 00:00:00 |a rbrito | ||
| 260 | |a Oxford |b Oxford University Press |c 2000 | ||
| 650 | 0 | |a Inglés |9 260023 | |
| 650 | 0 | |a Métodos de enseñanza |9 270413 | |
| 650 | 0 | |a Enseñanza de idiomas |9 339820 | |
| 583 | |a last modification |c 20170823 05:14:05 |k Rodrigo Vera | ||
| 490 | 0 | |a Oxford Handbooks for Language Teachers | |
| 999 | |c 332769 |d 332767 | ||
| 952 | |0 0 |1 0 |4 0 |6 371_102200000000000_HED_2000 |7 0 |8 A |9 420687 |a BIBEDU |b BIBEDU |d 2019-11-22 |i 4514033 |o 371.1022 HED 2000 |p 4514033 |r 2019-11-22 |w 2019-11-22 |y BK |k LIT | ||
| 952 | |0 0 |1 0 |4 0 |6 371_102200000000000_HED_2000 |7 0 |8 A |9 420688 |a BIBEDU |b BIBEDU |d 2019-11-22 |i 4514041 |o 371.1022 HED 2000 |p 4514041 |r 2019-11-22 |w 2019-11-22 |y BK |k LIT | ||
| 952 | |0 0 |1 0 |4 0 |6 371_102200000000000_HED_2000 |7 0 |8 A |9 420689 |a BIBEDU |b BIBEDU |d 2019-11-22 |i 4520955 |o 371.1022 HED 2000 |p 4520955 |r 2019-11-22 |w 2019-11-22 |y BK |k LIT | ||
| 952 | |0 0 |1 0 |4 0 |6 371_102200000000000_HED_2000 |7 0 |8 A |9 420690 |a BIBEDU |b BIBEDU |d 2019-11-22 |i 4520963 |o 371.1022 HED 2000 |p 4520963 |r 2019-11-22 |w 2019-11-22 |y BK |k LIT | ||